Comprensión del lenguaje / (Registro nro. 89619)

Detalles MARC
000 -CABECERA
campo de control de longitud fija 00707nam a22002173a 4500
005 - FECHA Y HORA DE LA ÚLTIMA TRANSACCIÓN
campo de control 20220623063505.0
008 - ELEMENTOS DE LONGITUD FIJA--INFORMACIÓN GENERAL
campo de control de longitud fija 010531s1999 mx fr 000 0 spa d
020 ## - NÚMERO INTERNACIONAL NORMALIZADO PARA LIBROS
Número Internacional Estándar del Libro 8478691979
035 ## - NÚMERO DE CONTROL DEL SISTEMA
Número de control de sistema UPN01000116991
049 ## - COLECCIÓN
Colección CG
050 #4 - SIGNATURA TOPOGRÁFICA DE LA BIBLIOTECA DEL CONGRESO
Número de clasificación LB1131
Número de documento/Ítem P7.6 no.24
100 1# - ASIENTO PRINCIPAL--NOMBRE PERSONAL
Nombre de persona Yuste Hernanz, Carlos
9 (RLIN) 29510
245 10 - MENCIÓN DE TÍTULO
Título Comprensión del lenguaje /
Mención de responsabilidad, etc. Carlos Yuste Hernanz.
260 ## - PUBLICACIÓN, DISTRIBUCIÓN, ETC.
Lugar de publicación, distribución, etc. Madrid :
Nombre del editor, distribuidor, etc. CEPE,
Fecha de publicación, distribución, etc. 1999.
300 ## - DESCRIPCIÓN FÍSICA
Extensión 112 p. :
Otras características físicas il.
440 #0 - MENCIÓN DE SERIE/ASIENTO SECUNDARIO--TÍTULO
Título Progresint ;
Designación de volumen o secuencia 24
500 ## - NOTA GENERAL
Nota general "Enseñanza Secundaria Obligatoria. Nivel 4"
500 ## - NOTA GENERAL
Nota general "Programas para la estimulación de las habilidades de la inteligencia"
650 #4 - ASIENTO SECUNDARIO DE MATERIA - TERMINO TEMATICO
Término de materia o nombre geográfico como elemento de entrada LENGUAJE Y LENGUAS -
Subdivisión general ESTUDIO Y ENSEÑANZA (SECUNDARIA).
905 ## - TIPO DE MATERIAL
Tipo de material Libro
Existencias
Estado de retiro Estado de pérdida Fuente del sistema de clasificación o colocación Estado dañado No para préstamo Código de colección Localización permanente Ubicación/localización actual Ubicación en estantería Total de préstamos Clasificación Código de barras Fecha visto por última vez Número de copia Tipo de ítem Koha
    Library of Congress Classification     Colección General Bib. Gregorio Torres Quintero Bib. Gregorio Torres Quintero Planta baja 11 LB1131 P7.6 no.24 176339 31/12/2020 1 Libro